000 00664nam a2200265Ia 4500
005 20260121165401.0
008 008 260114s9999 xx 000 0 eng d
020 _a9783319630946
037 _aEBOOK
040 _aCRL
040 _beng
040 _cCRL
041 _2eng
041 _aeng
084 _qCRL
100 _aKarol Zakowski, Beata Bochorodycz, Marcin Socha
_91051041
245 0 _aJapan’s Foreign Policy Making
260 _bSpringer
260 _bSpringer
260 _c2018
856 _uhttps://link.springer.com/openurl?genre=book&isbn=978-3-319-63094-6
942 _cEBOOK
999 _c1616766
_d1616766